| 000 | 00591cam a2200229 4500 | ||
|---|---|---|---|
| 005 | 20260322212012.0 | ||
| 008 | data | ||
| 010 | _a 78090068 | ||
| 020 | _a0402123115 | ||
| 020 | _a9780402123118 | ||
| 040 |
_aDLC _cDLC _dDLC |
||
| 050 | 0 | 0 |
_aE847 _b.J65 1970 |
| 082 | 0 | 0 |
_aB _aB |
| 245 | 0 | 0 |
_aMy brother, Lyndon. _cedited by Sam Houston Johnson. |
| 250 | _a[1st ed.] | ||
| 260 |
_aNew York, _bCowles Book Co. _c[1970] |
||
| 300 |
_a278 p. _bports. _c22 cm. |
||
| 350 | _a6.95 | ||
| 600 | 1 | 0 |
_aJohnson, Lyndon B. _q(Lyndon Baines), _d1908-1973. |
| 700 | 1 | _aJohnson, Sam Houston. | |
| 001 | data | ||
| 999 |
_c239 _d239 |
||